Statistique morale de l'Angleterre comparée avec la statistique morale de la France (Record no. 154871)

MARC details
000 -LEADER
campo de control de longitud fija 01044nam a2200169 i 4500
001 - NÚMERO DE CONTROL
campo de control 154871
003 - IDENTIFICADOR DE NÚMERO DE CONTROL
campo de control ES-MaACL
005 - FECHA Y HORA DE LA ÚLTIMA TRANSACCIÓN
campo de control 20230906205902.0
008 - DATOS DE LONGITUD FIJA--INFORMACIÓN GENERAL
campo de control de longitud fija 040714s1864 fr a |||| | fre d
040 ## - FUENTE DE CATALOGACIÓN
Centro catalogador/agencia de origen CAM
Lengua de catalogación spa
Centro/agencia transcriptor CAM
100 1# - ENTRADA PRINCIPAL--NOMBRE DE PERSONA
Nombre de persona Guerry, A.-M.
9 (RLIN) 127606
245 10 - MENCIÓN DEL TÍTULO
Título Statistique morale de l'Angleterre comparée avec la statistique morale de la France
Resto del título : d'apres les comptes de l'administration de la justice crimimelle en Angleterre et en France, les comptes de la police de Londres, de Liverpool, de Manchester, etc., les proes-verbaux de la cour criminelle centrale et divers autres documents administratifs et judiciaires : Atlas, cartes et construccions graphiques ... /
Mención de responsabilidad, etc. par A.-M- Guerry.
260 ## - PUBLICACIÓN, DISTRIBUCIÓN, ETC.
Lugar de publicación, distribución, etc. Paris [etc.] :
Nombre del editor, distribuidor, etc. J.-B. Baillière et fils [etc.],
Fecha de publicación, distribución, etc. 1864 (
Fabricante Imprimerie ve Goupy et cie)
300 ## - DESCRIPCIÓN FÍSICA
Extensión LXIV p., XVII h. de lám., [1] p. ;
Dimensiones 57 cm.
597 ## - NOTA DE DESCRIPCIÓN FÍSICA
NOTA DE DESCRIPCIÓN FÍSICA Las h. de lám. grab. calc. de mapas: "Gravé par Ch. Marlier" ó "Gravé par C.E. Collin", "Ecrit par A. Blanchard"
852 ## - LOCALIZACIÓN
Ubicación ES-MaACL
Número de control de estantería B-6727
Nota libre -- Enc. cartón
Holdings
Estatus retirado Estado de pérdida Estado de daño No para préstamo Colección Biblioteca de origen Biblioteca actual Ubicación en estantería Fecha de adquisición Fuente de adquisición Total de préstamos Signatura topográfica completa Código de barras Visto por última vez Precio de reemplazo Tipo de ítem Koha
        Libros del s. XIX Biblioteca del Ateneo de Madrid Biblioteca del Ateneo de Madrid Sala Pardo Bazán 17/01/2008     B-6727 1161995 23/02/2023 23/02/2023 Libro impreso antiguo